| 000 | 00864nam a22002297a 4500 | ||
|---|---|---|---|
| 999 |
_c7454 _d7454 |
||
| 003 | AR-CdUCM | ||
| 008 | 190320b ||||| |||| 00| 0 spa d | ||
| 040 |
_aMUNICIPALIDAD PROVINCIAL DEL CUSCO _cBIBLIOTECA MUNICIPAL DEL CUSCO |
||
| 082 |
_a650 / _bB84 |
||
| 100 |
_aBroeks, Alfons _921017 |
||
| 245 |
_aEntre Sobrevivencia y Desarrollo : _bLa experiencia en riego del CADEP "JMA" / |
||
| 260 |
_aCusco : _bCentro Andino de educación y promocion " Jose Maria Arguedas ", _c1993. |
||
| 300 |
_a229 paginas ; _bCuadros, tablas, mapas _c20 cm. |
||
| 500 | _aDesarrollo | ||
| 505 | _aContenido: Agricultura en anta -- analisis de proyectos -- los planteamientos -- impacto... | ||
| 650 |
_aSobrevivencia _921018 |
||
| 650 |
_aRiego _921019 |
||
| 650 |
_aLibros de enseƱanza _918766 |
||
| 700 |
_aHuaipar, Santiago _921020 |
||
| 942 |
_2ddc _cLIBROS |
||
| 945 | _apjha | ||